Statistics for Disney's Tangled Quiz

Click here to take the quiz!

General Stats

  • This quiz has been taken 691 times
  • The average score is 9 of 12

Answer Stats

QuestionAnswer% Correct
What colour does Rapunzels hair go after being cut?Brown
94%
What is Rapunzels item used for self defence?Frying pan
93%
What's the name of Rapunzels small green friend?Pascal
93%
What's the name of the white horse after Flynn?maximus
89%
What royal is Rapunzel?Princess
89%
What is Flynn Rider's Real first name?Eugene
88%
What does Flynn moan about the most when it comes to his wanted poster?His nose
88%
Who kidnapped RapunzelMother Gothel
87%
What did Flynn steal from the Castle?Tiara
70%
What is Flynn Rider's real last name?Fitzherbert
60%
Name of the tavern where Rapunzel and Flynn meet the viking thugs?The snuggly duckling
59%
In the song "I got a dream" what is vladamirs dream?Collecting ceramic unicorns
26%

Score Distribution

Percentile by Number Answered

Percent of People with Each Score

Your Score History

You have not taken this quiz